Peninsulas by Population - Statistics

General Stats
  • This quiz has been taken 128 times
    73 since last reset
  • The average score is 11 of 15
Answer Stats
Population Peninsula % Correct
1750 Indian Subcontinent
96%
57 Iberian
91%
80 Arabian
90%
75 Korean
90%
60 Italian
88%
20 Florida
84%
255 Indochina
84%
55 Balkan
78%
21 Fennoscandia
78%
115 Horn of Africa
78%
34 Malay
69%
5 Yucatan
69%
74 Anatolia
64%
25 Shandong
25%
9 Leizhou
3%
No matching quizzes found
Score Distribution
Percent of People with Each Score
Percentile by Number Answered
Your Score History
You have not taken this quiz since the last reset